000 00647nas a2200229 4500
001 BR8804577
003 BR-BrBNA
005 20231205091242.0
007 ta
008 230509b bl.|||p| |||| 00| 00por d
040 _aBR-BrBNA
_bpor
_cBiblioteca Nacional de Agricultura
041 _a(Pt)
072 _aF01
100 1 _aRahde, A.
245 1 _aGirassol de volta aos campos do sul
650 _aGIRASSOL
650 _aPLANTIO
650 _aRENDIMENTO
773 0 _tAgricultura de Hoje (Brazil)
_xISSN 0100-5707
_g(Dec 1986 - Jan 1987), v. 11(121) p. 20-21
_wBR8804577
909 _a202311
_bLúcia
_c55
_dLúcia Elande
942 _2AGRIS
_n0
_cANA
999 _c123884
_d123884